Statistiques concernant Leader mondial au pays (années 1980) - Quiz d'images

Cliquez ici pour prendre le quiz!

Statistiques générales

  • Ce quiz a été pris 71 fois
  • Le résultat moyen est 17 sur 21

Statistiques - réponses

Réponse% Correct
France
100%
Royaume-Uni
98%
Cuba
97%
États Unis
94%
États Unis
94%
Union soviétique
94%
Vatican
92%
Iran
91%
Allemagne de l'Ouest
89%
Irak
89%
Corée du Nord
82%
Inde
75%
Chine
74%
Indonesie
74%
Egypte
72%
Libye
72%
République Démocratique du Congo
66%
Chili
60%
Roumanie
58%
Philippines
42%
Allemagne de l'est
40%

Distribution des résultats

Percentile par nombre de réponses

% des personnes avec chaque résultat

Votre développement - résultats

Vous n’avez pas pris ce quiz